000 00306nam a22001337a 4500
041 _aENG
100 _aHorner.S
245 _aDictionary of Mechanical Engineering Terms
260 _aNew Delhi
_bOxford IBH
_c1999
300 _a422
650 _aM.Tech ( 7 )
700 _aGrahame ,W
856 _uM.Tech ( 7 )
999 _c1070
_d1070